Quiz de géopolitique - Union Européenne - Statistiques

Statistiques générales
  • Ce quiz a été pris 431 fois
  • Le résultat moyen est 11 sur 15
Statistiques - réponses
Hint Réponse % Correct
En quelle année l'euro a-t-il été introduit comme monnaie unique ? En 1999 (pour les transactions électroniques) et en 2002 (pour les billets et pièces).
94%
Quel pays a quitté l'Union européenne en 2020, à la suite du référendum de 2016 Royaume-Uni
94%
Quel pays est le plus peuplé de l'Union européenne ? L'Allemagne
91%
Combien de pays membres font actuellement partie de l'Union européenne (en 2025) ? 27
90%
Quelle est la capitale politique de l'Union européenne ? Bruxelles
86%
Quel traité a transformé la CEE en Union européenne ? Traité de Maastricht
85%
Quel programme permet aux étudiants de l'UE d'étudier à l'étranger dans d'autres pays membres ? Erasmus
84%
Combien d'étoiles figurent sur le drapeau de l'Union européenne ? 12
82%
Quel pays a rejoint l'UE en dernier, en 2013 ? La Croatie
70%
Quel traité a instauré la Communauté économique européenne (CEE) ? Traité de Rome
70%
Quelle organisation est considérée comme le précurseur de l'Union européenne ? CECA
64%
Quelle institution européenne est chargée de définir la politique monétaire pour les pays de la zone euro ? La Banque centrale européenne (BCE).
55%
Quel traité a simplifié les institutions européennes et renforcé leur pouvoir en 2007 ? Traité de Lisbonne
54%
En quelle année l'Union européenne a-t-elle remporté le prix Nobel de la paix ? 2012
39%
Quelle initiative vise à renforcer la coopération économique entre l'Union européenne et les pays voisins de l'Est et du Sud de l'Europe ? La politique de voisinage
10%
Aucun quiz correspondant
Distribution des résultats
% des personnes avec chaque résultat
Percentile par nombre de réponses
Votre historique - résultats
Vous n’avez pas pris ce quiz